| 000 | 00470nam a2200157Ia 4500 | ||
|---|---|---|---|
| 008 | 150610s9999 xx 000 0 und d | ||
| 020 | _a9780440238492 | ||
| 050 |
_aPZ7 _b.P196 2005 |
||
| 100 | _aPaolini, Christopher | ||
| 245 |
_aEldest / _cChristopher Paolini. |
||
| 260 |
_aNew York : _bLaurel-Leaf, _c2005. |
||
| 300 |
_a1016pages : _billustrations ; _c18 cm. |
||
| 440 |
_aInheritance; bk. 2 _vv.2 |
||
| 520 | _aFiction. | ||
| 650 | _aFantasy fiction, American | ||
| 999 |
_c287875 _d287875 |
||